000
00364nam a22000977a 4500
100
_a
कुमार, अशोक
_9
52111
245
_a
भारत की आतंरिक सुरक्षा की मुख्य चुनौतियां
260
_a
Chennai
_b
Mc Graw Hill
_c
2020
650
_a
सेनिक विज्ञान
_9
66695
942
_c
BK
999
_c
63332
_d
63332